|
|
|
|
| LEADER |
02366cam a2200637 a 4500 |
| 001 |
nkc20112220254 |
| 003 |
CZ PrNK |
| 005 |
20130307134552.0 |
| 007 |
ta |
| 008 |
111124s2011 xr aeh e 000 0 cze d |
| 015 |
|
|
|a cnb002220254
|
| 020 |
|
|
|a 978-80-260-0337-3
|q (váz.)
|
| 035 |
|
|
|a (OCoLC)791306192
|
| 040 |
|
|
|a SVG001
|b cze
|d ULG001
|d ABA001
|d OLA001
|
| 041 |
0 |
|
|a cze
|b eng
|
| 043 |
|
|
|a e-xr---
|b e-xr-pa
|2 czenas
|
| 045 |
|
|
|a u-v-
|
| 072 |
|
7 |
|a 72/76
|x Výtvarné umění
|2 Konspekt
|9 21
|
| 080 |
|
|
|a 72/76(437.3)
|2 MRF
|
| 080 |
|
|
|a 7.034.7
|2 MRF
|
| 080 |
|
|
|a 316.72/.75
|2 MRF
|
| 080 |
|
|
|a 72/76:904
|2 MRF
|
| 080 |
|
|
|a (437.314)
|2 MRF
|
| 080 |
|
|
|a (048.8)
|2 MRF
|
| 080 |
|
|
|a (084.12)
|2 MRF
|
| 100 |
1 |
|
|a Panoch, Pavel,
|d 1974-
|7 mzk2004217546
|4 aut
|
| 245 |
1 |
0 |
|a Barokní umění na Chrudimsku /
|c Pavel Panoch ; [fotografie] Štěpán Bartoš
|
| 250 |
|
|
|a Vyd. 1.
|
| 260 |
|
|
|a Nové Město nad Metují :
|b Pro Město Chrudim vydal Atelier Duplex,
|c 2011
|
| 300 |
|
|
|a 127 s. :
|b il. (převážně barev.), plány, faksim. ;
|c 25 cm
|
| 500 |
|
|
|a 5000 výt.
|
| 504 |
|
|
|a Obsahuje bibliografii a bibliografické odkazy
|
| 546 |
|
|
|a Anglické resumé
|
| 648 |
|
7 |
|a 17.-18. století
|7 ch757024
|2 czenas
|
| 650 |
0 |
7 |
|a české výtvarné umění
|7 ph116865
|y 17.-18. století
|2 czenas
|
| 650 |
0 |
7 |
|a barokní umění
|7 ph118765
|z Česko
|2 czenas
|
| 650 |
0 |
7 |
|a kultura a společnost
|7 ph122010
|z Česko
|y 17.-18. století
|2 czenas
|
| 650 |
0 |
7 |
|a umělecké památky
|7 ph126896
|z Česko
|2 czenas
|
| 650 |
0 |
9 |
|a Czech art
|y 17th-18th centuries
|2 eczenas
|
| 650 |
0 |
9 |
|a baroque art
|z Czechia
|2 eczenas
|
| 650 |
0 |
9 |
|a culture and society
|z Czechia
|y 17th-18th centuries
|2 eczenas
|
| 650 |
0 |
9 |
|a artistic monuments
|z Czechia
|2 eczenas
|
| 651 |
|
7 |
|a Chrudim (Česko : oblast)
|7 ge128953
|2 czenas
|
| 651 |
|
9 |
|a Chrudim Region (Czechia)
|2 eczenas
|
| 655 |
|
7 |
|a přehledy
|7 fd133202
|2 czenas
|
| 655 |
|
7 |
|a fotografické publikace
|7 fd132276
|2 czenas
|
| 655 |
|
9 |
|a surveys
|2 eczenas
|
| 655 |
|
9 |
|a photographical works
|2 eczenas
|
| 700 |
1 |
|
|a Bartoš, Štěpán,
|d 1963-
|7 jn20001005044
|4 pht
|
| 710 |
1 |
|
|a Chrudim (Česko)
|7 ge128952
|
| 910 |
2 |
|
|a BOA001
|b 2-1279.511
|
| 928 |
9 |
|
|a Atelier Duplex
|
| 990 |
|
|
|a BK
|
| 995 |
|
|
|a 01
|
| 991 |
|
|
|b 201202
|c NOV
|e n
|
| 996 |
6 |
|
|b 2610501044
|c 2-1279.511
|l MZK
|r Sklad / do 1 hodiny
|n 4
|p p.v.
|w 001224532
|u 000010
|a 1
|e BOA001
|j MZK50
|s P
|